Nivaclé -Chulupí : Recuerdos de la guerra /

Junto con Faustino y Josefina, recorremos la historia y descubrimos el presente de un pueblo minoritario del Gran Chaco: los nivaclé. Conversaciones familiares nos acercan recuerdos ancestrales: las luchas interétnicas, la Guerra del Chaco y el trabajo en los ingenios.

Guardado en:
Autor Principal: Rousso, Julián
Autor Corporativo: Canal Encuentro.
Formato: Deslizar
Publicado: Argentina, 2009
Series:Pueblos Originarios III
Materias:
Etiquetas: Agregar Etiqueta
Sin Etiquetas, Sea el primero en etiquetar este registro!
LEADER 01138ngm a22003135g 4500
001 CEM.cems024014
008 130507s2009##################0###0#####d
005 20250805171407.0
245 1 0 |a Nivaclé -Chulupí :  |b Recuerdos de la guerra /  |c Julián Rousso. 
260 |a Argentina,  |c 2009 
300 |a 28'. 
490 0 |a Pueblos Originarios III 
538 |a Soporte: DVD - Grabación DRD 
520 |a Junto con Faustino y Josefina, recorremos la historia y descubrimos el presente de un pueblo minoritario del Gran Chaco: los nivaclé. Conversaciones familiares nos acercan recuerdos ancestrales: las luchas interétnicas, la Guerra del Chaco y el trabajo en los ingenios. 
500 |a Consultar en ventanilla. 
100 1 |a Rousso, Julián 
710 2 |a Canal Encuentro. 
082 3 0 |/ ROU-3 
653 |a SOCIEDAD 
653 |a PUEBLOS ORIGINARIOS 
653 |a ABORIGENES 
653 |a INDIGENAS 
653 |a INDIGENISMO 
653 |a ETNIAS 
653 |a NIVACLÉ 
653 |a CHACO 
653 |a CHULUPÍ 
653 |a SERIE DE TELEVISIÓN 
859 |a CEMS  |b BIB. CEMS - Depto. Recursos Didacticos  |h 301  |i ROU-3  |k DRD  |p 2657.16  |t Ej.1